| 000 | 00000nam 2200000zi 4500 |
| 001 | 9.954672 |
| 003 | CaOODSP |
| 005 | 20250902101932 |
| 006 | m o d f |
| 007 | cr mn||||||||| |
| 008 | 250902e202503##onca ob f000 0 fre d |
| 040 | |aCaOODSP|bfre|erda|cCaOODSP |
| 043 | |an-cn--- |
| 045 | |ay1y2 |
| 086 | 1 |aFR5-249/2025F-PDF |
| 245 | 00|aÉvaluation des opérations de sanctions menées par Affaires mondiales Canada, 2018-2024 : |brapport d'évaluation / |cpréparé par la Direction de l'évaluation, Affaires mondiales Canada. |
| 264 | 1|a[Ottawa] : |bAffaires mondiales Canada = Global Affairs Canada, |cmars 2025. |
| 300 | |a1 ressource en ligne (50 pages) : |billustrations (certaines en couleur) + |eréponse de la direction (7 pages) + sommaire (1 page) |
| 336 | |atexte|btxt|2rdacontent/fre |
| 337 | |ainformatique|bc|2rdamedia/fre |
| 338 | |aressource en ligne|bcr|2rdacarrier/fre |
| 500 | |aPublié aussi en anglais sous le titre : Evaluation of Global Affairs Canada's sanctions operations, 2018-2024: evaluation report. |
| 504 | |aComprend des références bibliographiques. |
| 610 | 16|aCanada. |bAffaires mondiales Canada|xEĢvaluation. |
| 650 | 6|aSanctions économiques canadiennes|xÉvaluation. |
| 651 | 6|aCanada|xRelations extérieures|xÉvaluation. |
| 710 | 1 |aCanada. |bAffaires mondiales Canada, |eorganisme de publication. |
| 775 | 08|tEvaluation of Global Affairs Canada's sanctions operations, 2018-2024 : |w(CaOODSP)9.954637 |
| 856 | 40|qPDF|s1.79 Mo|uhttps://publications.gc.ca/collections/collection_2025/amc-gac/FR5-249-2025-fra.pdf|zRapport d'évaluation |
| 856 | 40|qPDF|s266 Ko|uhttps://publications.gc.ca/collections/collection_2025/amc-gac/FR5-249-2025-1-fra.pdf|zRéponse de la direction |
| 856 | 40|qPDF|s177 Ko|uhttps://publications.gc.ca/collections/collection_2025/amc-gac/FR5-249-2025-2-fra.pdf|zSommaire |
| 856 | 4 |qHTML|sN/A|uhttps://www.international.gc.ca/transparency-transparence/audit-evaluation-verification/2025/sanctions-report-rapport.aspx?lang=fra|zRapport d'évaluation |
| 856 | 4 |qHTML|sN/A|uhttps://www.international.gc.ca/transparency-transparence/audit-evaluation-verification/2025/sanctions-mrap-rpad.aspx?lang=fra|zRéponse de la direction |
| 856 | 4 |qHTML|sN/A|uhttps://www.international.gc.ca/transparency-transparence/audit-evaluation-verification/2025/sanctions-summary-sommaire.aspx?lang=fra|zSommaire |